[Event "AUTO-INT-1464"]
[Site "http://www.queenalice.com/game.php?id=781556"]
[Date "2010.5.27"]
[Round "2"]
[White "basilio"]
[Black "Yukontodd"]
[Result "1-0"]
[WhiteElo "1767"]
[BlackElo "1769"]

1. e4 c5 2. f4 e6 3. Nc3 Nc6 4. Nf3 d5 5. exd5 exd5 6. Bb5 Bd7 7. O-O a6 8. Be2
d4 9. Ne4 Nf6 10. Nxf6+ Qxf6 11. d3 Bd6 12. Bd2 O-O 13. c4 Bxf4 14. Ng5 Qxg5 15.
Bxf4 Qg6 16. Bh5 Qe6 17. Re1 Qf6 18. Qf3 Bf5 19. g4 Bg6 20. Bxg6 Qxg6 21. h3 Nb4
22. Red1 1-0

[Event "AUTO-INT-1464"]
[Site "http://www.queenalice.com/game.php?id=781557"]
[Date "2010.5.27"]
[Round "2"]
[White "Yukontodd"]
[Black "basilio"]
[Result "0-1"]
[WhiteElo "1787"]
[BlackElo "1749"]

1. d4 Nf6 2. c4 e6 3. Nc3 c6 4. e4 d5 5. e5 Ne4 6. cxd5 cxd5 7. Nxe4 dxe4 8. Ne2
Be7 9. Nc3 Nc6 10. f3 exf3 11. Be3 fxg2 12. Bxg2 O-O 13. a3 f5 14. O-O Bg5 15.
Bxg5 Qxg5 16. d5 Nxe5 17. Re1 Nf3+ 18. Qxf3 f4 19. dxe6 Qc5+ 20. Qf2 Qg5 21. Ne4
Qg6 22. e7 Re8 0-1

[Event "AUTO-OPEN-1710"]
[Site "http://www.queenalice.com/game.php?id=781568"]
[Date "2010.5.27"]
[Round "2"]
[White "basilio"]
[Black "Giant"]
[Result "0-1"]
[WhiteElo "1814"]
[BlackElo "2263"]

1. e4 e5 2. Nf3 Nc6 3. Bb5 a6 4. Bxc6 dxc6 5. O-O f6 6. Nc3 Bg4 7. d3 g5 8. h3
Bxf3 9. Qxf3 h5 10. Qf5 Nh6 11. Qe6+ Qe7 12. Qb3 b6 13. Be3 Nf7 14. g3 Nd8 15.
Ne2 c5 16. Nc3 Qd6 17. Qd5 c6 18. Qb3 b5 19. a4 Rb8 20. a5 Ne6 21. Ne2 h4 22. g4
Be7 23. Qa2 Nf8 24. c4 Qxd3 25. b3 Qxe4 26. Nc3 Qf3 27. Qe2 Qxh3 28. f3 Qg3+ 29.
Qg2 Qxg2+ 30. Kxg2 Ne6 31. Ne4 Kf7 32. Rad1 Rbd8 33. Rxd8 Rxd8 34. Rf2 Rd3 35.
cxb5 cxb5 36. f4 Rxe3 0-1

[Event "AUTO-OPEN-1710"]
[Site "http://www.queenalice.com/game.php?id=781569"]
[Date "2010.5.27"]
[Round "2"]
[White "Giant"]
[Black "basilio"]
[Result "1-0"]
[WhiteElo "2270"]
[BlackElo "1776"]

1. Nf3 Nc6 2. d4 d5 3. Bf4 e6 4. c3 Bd6 5. Bxd6 Qxd6 6. e3 Nf6 7. Na3 a6 8. Bd3
O-O 9. O-O Bd7 10. c4 dxc4 11. Nxc4 Qe7 12. a3 b5 13. Nce5 Qd6 14. Rc1 Rab8 15.
Nxd7 Qxd7 16. Qc2 Rb6 17. Rfd1 Ne7 18. Qxc7 Qxc7 19. Rxc7 Ned5 20. Rc5 Nd7 21.
e4 Nxc5 22. dxc5 Rc6 23. exd5 exd5 24. b4 f6 25. Bc2 Rd8 26. Bb3 Kh8 27. Rxd5
Rxd5 28. Bxd5 Rc8 29. Bb7 Rd8 30. Kf1 Rd1+ 31. Ke2 Ra1 32. c6 Rc1 33. Nd4 h5 34.
Ne6 Rc2+ 35. Kd3 Rc4 36. Nc5 Rxc5 37. bxc5 1-0

[Event "AUTO-OPEN-1644"]
[Site "http://www.queenalice.com/game.php?id=782728"]
[Date "2010.5.29"]
[Round "2"]
[White "basilio"]
[Black "prof_zeco"]
[Result "1-0"]
[WhiteElo "1785"]
[BlackElo "1800"]

1. e4 e5 2. Nf3 d6 3. Be2 Nc6 4. Nc3 a6 5. a3 Be7 6. d3 Bg4 7. h3 Bxf3 8. Bxf3
Nf6 9. O-O O-O 10. b4 Na7 11. Bb2 Qd7 12. Bg4 Qc6 13. f4 Qb6+ 14. Kh1 c5 15. Na2
Nc6 16. c3 a5 17. f5 cxb4 18. cxb4 axb4 19. Nxb4 Nxb4 20. axb4 Qxb4 21. Qc2 Rac8
22. Qe2 Rc5 23. Ba3 Qd4 24. Bxc5 Qxc5 25. Rfc1 Qd4 26. Rd1 b5 27. Ra5 Qb6 28.
Rda1 Qc6 29. Qb2 Rb8 30. Qc1 Qe8 31. Rb1 Bd8 32. Ra3 d5 33. Bf3 d4 34. Rab3 h6
35. Bd1 Ba5 36. Qc5 Nd7 37. Qc6 b4 38. Bg4 Qe7 39. Rc1 Nf6 40. Bd1 Kh7 41. Qc5
Qb7 42. Qxa5 Nxe4 43. dxe4 Qxe4 44. Bf3 Qf4 45. Rcb1 e4 46. Bxe4 Qxe4 47. Rxb4
Ra8 48. Qc5 Ra2 49. Rg1 Rd2 50. Qc1 Rd3 51. Re1 Rxh3+ 52. Kg1 Qg4 53. Qd2 Rh4
54. Qd3 Rh5 55. f6+ g6 56. Rxd4 Qg5 57. Rf1 Qc5 58. Rf4 Re5 59. Qc4 Qb6 60.
Qxf7+ 1-0

[Event "AUTO-OPEN-1644"]
[Site "http://www.queenalice.com/game.php?id=782729"]
[Date "2010.5.29"]
[Round "2"]
[White "prof_zeco"]
[Black "basilio"]
[Result "1-0"]
[WhiteElo "1767"]
[BlackElo "1802"]

1. d4 d5 2. e4 c6 3. Be2 Qa5+ 4. Bd2 Qb6 5. Bc3 e6 6. Nf3 Be7 7. e5 c5 8. a4 c4
9. Qd2 Nh6 10. h3 O-O 11. O-O f5 12. a5 Qd8 13. Qf4 a6 14. Bd2 Nc6 15. Qg3 Kh8
16. Nc3 Rg8 17. Na4 Nxa5 18. Nc3 b5 19. Nxd5 exd5 20. Bxa5 Qd7 21. Rfe1 Qa7 22.
Bd1 Be6 23. Bd2 g5 24. Nxg5 Bxg5 25. Bxg5 Rg6 26. Bh5 Rxg5 27. Qxg5 Qg7 28. Qf6
Qxf6 29. exf6 Bg8 30. Re7 Rf8 31. Rxa6 Bf7 32. Bxf7 Nxf7 33. Raa7 Kg8 34. Rab7
h5 35. Rxb5 Nd6 36. Rxd5 Rxf6 37. c3 Ne4 38. f3 Nd6 39. Ra5 f4 40. Rxh5 Nf7 41.
Re8+ Kg7 42. Re4 Kg6 43. Rc5 Nd6 44. Ree5 Rf5 45. Rc6 1-0

[Event "AUTO-INT-1581"]
[Site "http://www.queenalice.com/game.php?id=807896"]
[Date "2010.7.24"]
[Round "2"]
[White "ztnilz"]
[Black "basilio"]
[Result "1-0"]
[WhiteElo "1686"]
[BlackElo "1812"]

1. e4 c5 2. Nf3 d6 3. c3 Nf6 4. Be2 e5 5. O-O Be7 6. h3 Nxe4 7. Qa4+ Bd7 8. Qxe4
Bc6 9. Qc2 O-O 10. d3 Nd7 11. c4 d5 12. cxd5 Bxd5 13. Nc3 Bc6 14. Qd1 Nf6 15.
Nxe5 Qd5 16. Nxd5 Nxd5 17. Nxc6 bxc6 18. Bf3 f5 19. Bxd5+ cxd5 20. b3 a5 21. Re1
Bd6 22. Bb2 d4 23. Qf3 f4 24. Qd5+ Kh8 25. Qxd6 h6 26. Qxc5 f3 27. Qxd4 Rf7 28.
Re6 fxg2 29. Rxh6+ Kg8 30. Rg6 Kh7 31. Rxg7+ 1-0

[Event "AUTO-INT-1581"]
[Site "http://www.queenalice.com/game.php?id=807897"]
[Date "2010.7.24"]
[Round "2"]
[White "basilio"]
[Black "ztnilz"]
[Result "0-1"]
[WhiteElo "1796"]
[BlackElo "1820"]

1. e4 e5 2. f4 Bc5 3. Nf3 d6 4. Nc3 exf4 5. d3 Be3 6. Bxe3 fxe3 7. Qe2 Nf6 8.
Qxe3 b6 9. O-O-O O-O 10. h3 Re8 11. Re1 Bf5 12. g4 Bg6 13. Bg2 c6 14. g5 Nfd7
15. h4 f5 16. gxf6 Nxf6 17. Qf4 h6 18. Nd4 Rf8 19. Ne6 Qe7 20. Nxf8 Qxf8 21. e5
dxe5 22. Rxe5 Nbd7 23. Re2 Rc8 24. Qc4+ Bf7 25. Qa6 Nc5 26. Qxa7 b5 27. b4 Ne6
28. Qb7 Nd4 29. Re7 Bd5 30. Bxd5+ cxd5 31. Rc7 Rxc7 32. Qxc7 Qxb4 33. Kd2 Nf3+
34. Kd1 d4 35. Qc8+ Kf7 36. Qb7+ Kg8 37. Qxf3 dxc3 38. Qa8+ Kh7 39. Ke2 Qb2 40.
Ke3 Qxc2 41. Qd8 Qxa2 42. Qc8 b4 43. Qf5+ Kh8 44. Qc8+ Kh7 45. Qf5+ Kh8 46. Qc8+
Ng8 47. Qc4 Qd2+ 48. Kd4 c2 49. Qb3 c1=Q 50. Rxc1 Qxc1 51. Qxb4 Qf4+ 52. Kc3
Qxb4+ 53. Kxb4 g5 54. hxg5 hxg5 55. Kc3 Kg7 56. Kd4 Kg6 57. Ke4 Kh5 58. Kf3 Kh4
59. d4 Nf6 60. Kg2 g4 61. Kh2 g3+ 62. Kg2 Kg4 63. d5 Nxd5 64. Kg1 Kh3 65. Kh1
g2+ 66. Kg1 Nf4 0-1

[Event "AUTO-INT-1463"]
[Site "http://www.queenalice.com/game.php?id=843766"]
[Date "2010.10.9"]
[Round "3"]
[White "srvjhym"]
[Black "basilio"]
[Result "0-1"]
[WhiteElo "1677"]
[BlackElo "1773"]

1. d4 d5 2. Nf3 Nf6 3. Bf4 e6 4. Nbd2 Bd6 5. Bxd6 Qxd6 6. e3 Nc6 7. a3 O-O 8.
Bb5 a6 9. Bd3 b5 10. b4 Bd7 11. O-O e5 12. dxe5 Nxe5 0-1

[Event "AUTO-INT-1463"]
[Site "http://www.queenalice.com/game.php?id=843767"]
[Date "2010.10.9"]
[Round "3"]
[White "basilio"]
[Black "srvjhym"]
[Result "1-0"]
[WhiteElo "1760"]
[BlackElo "1690"]

1. e4 e5 2. Nf3 Nc6 3. Bc4 Nf6 4. Nc3 Bc5 5. h3 O-O 6. O-O b6 7. a3 a5 8. d3 h6
9. h4 d6 10. Be3 Ng4 11. g3 Bxe3 12. fxe3 Nxe3 13. Qd2 1-0

[Event "AUTO-INT-1463"]
[Site "http://www.queenalice.com/game.php?id=843770"]
[Date "2010.10.9"]
[Round "3"]
[White "MarTraM"]
[Black "basilio"]
[Result "1-0"]
[WhiteElo "2132"]
[BlackElo "1802"]

1. d4 d5 2. c4 c6 3. Nc3 dxc4 4. a4 a6 5. e4 Nd7 6. Bxc4 e5 7. dxe5 Nxe5 8.
Qxd8+ Kxd8 9. Bxf7 Nxf7 10. Nge2 Bd6 11. O-O Nf6 12. Be3 Ne5 13. Bb6+ Ke7 14. a5
g5 15. f3 h5 16. Rad1 g4 17. fxg4 Nexg4 18. h3 Ne3 19. Bxe3 Rg8 20. Rxd6 Kxd6
21. Rxf6+ Ke7 22. Rh6 Bxh3 23. Nf4 Bg4 24. Nxh5 Bxh5 25. Rxh5 Rad8 26. Bg5+ Rxg5
27. Rxg5 Kf6 28. Rf5+ Ke6 29. g4 Rd2 30. b4 Rb2 31. g5 Rxb4 32. g6 b6 33. g7 1-0

[Event "AUTO-INT-1463"]
[Site "http://www.queenalice.com/game.php?id=843771"]
[Date "2010.10.9"]
[Round "3"]
[White "basilio"]
[Black "MarTraM"]
[Result "1-0"]
[WhiteElo "1774"]
[BlackElo "2075"]

1. e4 e5 2. Nf3 Nc6 3. Bb5 Nge7 4. Nc3 g6 5. d3 Bg7 6. Bc4 O-O 7. Ng5 d6 8. O-O
a6 9. a3 b5 10. Ba2 Nd4 11. Nd5 c6 12. Nxf7 Qc7 13. Nxc7 1-0

[Event "AUTO-OPEN-1644"]
[Site "http://www.queenalice.com/game.php?id=878267"]
[Date "2010.12.29"]
[Round "3"]
[White "abh"]
[Black "basilio"]
[Result "1-0"]
[WhiteElo "2084"]
[BlackElo "1764"]

1. e4 e5 2. f4 exf4 3. Nf3 d6 4. h4 h5 5. d4 d5 6. e5 Be7 7. Bxf4 f6 8. Nc3 Bg4
9. Be2 Nh6 10. Qd3 Bf5 11. Qb5+ Nd7 12. O-O-O Be6 13. Qxb7 Nb6 14. Bb5+ Bd7 15.
Nxd5 Bxb5 16. Nxc7+ Kf7 17. e6+ Kg6 18. Nxa8 Nxa8 19. Qxb5 f5 20. Ne5+ Kh7 21.
Nf7 Nxf7 22. Qxf5+ 1-0

[Event "AUTO-OPEN-1644"]
[Site "http://www.queenalice.com/game.php?id=878268"]
[Date "2010.12.29"]
[Round "3"]
[White "basilio"]
[Black "abh"]
[Result "0-1"]
[WhiteElo "1761"]
[BlackElo "2087"]

1. e4 d5 2. exd5 Nf6 3. Nc3 e6 4. dxe6 Bxe6 5. d4 a6 6. a3 Nbd7 7. Nf3 Be7 8.
Bd3 O-O 9. Bg5 h6 10. Bxf6 Bxf6 11. Be4 Rb8 12. d5 Bg4 13. h3 Bh5 14. Qd3 Re8
15. O-O-O Ne5 16. Qd4 Nxf3 17. Bh7+ Kxh7 18. Qe4+ Rxe4 19. Nxe4 Ng5 20. Nxf6+
Qxf6 21. c3 Bxd1 22. Kxd1 Qxf2 0-1

[Event "AUTO-OPEN-1644"]
[Site "http://www.queenalice.com/game.php?id=878269"]
[Date "2010.12.29"]
[Round "3"]
[White "prof_zeco"]
[Black "basilio"]
[Result "1-0"]
[WhiteElo "1764"]
[BlackElo "1758"]

1. d4 d5 2. e3 Bd7 3. Be2 e6 4. Nf3 Nc6 5. Bd2 Nf6 6. a3 a6 7. Nc3 h6 8. O-O Bd6
9. Bd3 e5 10. dxe5 Nxe5 11. Nxe5 Bxe5 12. Qe2 c5 13. b3 b5 14. f4 Bxc3 15. Bxc3
Bg4 16. Qf2 c4 17. Bxf6 Qxf6 18. bxc4 dxc4 19. Be4 Rd8 20. Qg3 Qc3 21. Bc6+ Kf8
22. Qxg4 Qxe3+ 23. Kh1 g6 24. Qh4 Kg7 25. Rf3 Qe2 26. Rff1 Qxc2 27. Rae1 Rd6 28.
Be4 Qd2 29. f5 g5 30. Qg3 Rhd8 31. Qe5+ Kg8 32. Bf3 Qa5 33. Bh5 f6 34. Qe7 Kh8
35. Qf7 R6d7 36. Re8+ Rxe8 37. Qxe8+ 1-0

[Event "AUTO-OPEN-1644"]
[Site "http://www.queenalice.com/game.php?id=878270"]
[Date "2010.12.29"]
[Round "3"]
[White "basilio"]
[Black "prof_zeco"]
[Result "0-1"]
[WhiteElo "1781"]
[BlackElo "1760"]

1. e4 c5 2. f4 Nc6 3. Nc3 e6 4. Nf3 Qc7 5. d3 Be7 6. Be3 Nf6 7. Be2 O-O 8. Qd2
d5 9. exd5 exd5 10. d4 c4 11. b3 Bb4 12. a3 Ne4 13. axb4 Nxd2 14. Nxd2 Nxb4 15.
O-O Nxc2 16. Nxd5 Qd6 17. Ra5 b6 18. Nxc4 Qd8 19. Ncxb6 Nxe3 20. Nxe3 Qxb6 21.
Ra3 Qxd4 22. b4 Qxb4 23. Rd3 Ba6 24. Nd5 Qc5+ 25. Kh1 Bxd3 26. Bxd3 Qxd5 27. Rd1
Qb3 28. Be2 Rad8 0-1